000 00585nam a2200181 a 4500
001 000031916
005 20240316073905.0
008 110707s2005 dr a 000 0 spa d
040 _aDO-SdBNP
_bspa
_cBNPHU
082 _axxx
_bG687p
245 0 0 _aPaseo por los jardines /
_cAdolph Gottschalk M. ... [et. al].
260 _aSantiago de los Caballeros, República Dominicana :
_bCentro León,
_c2005.
300 _a30 p. :
_bil. ;
_c18 cm.
700 1 _aSánchez, José
_913637
700 1 _aVenegas, Camilo
_958100
700 1 _aVeloz Maggiolo, Marcio,
_d1936-2021
_91104
049 _aBNPD
999 _c31407
_d31407